[Event "Niedersachsen-ch op B"]
[Site "Verden"]
[Date "2018.01.06"]
[Round "6"]
[White "Lehmkuhl, Stefan"]
[Black "Oberbacher, Michael"]
[Result "1-0"]
[WhiteElo "1797"]
[BlackElo "1509"]
[PlyCount "92"]
[EventDate "2018.01.04"]
[EventType "swiss"]
[EventRounds "7"]
[EventCountry "GER"]
[SourceTitle "EXT 2022"]
[Source "ChessBase"]
[SourceDate "2021.10.06"]
[SourceVersion "1"]
[SourceVersionDate "2021.10.06"]
[SourceQuality "1"]

1. d3 Nf6 2. c3 e5 3. Nf3 d6 4. b4 Bg4 5. Nbd2 Be7 6. h3 Be6 7. Bb2 a6 8. a4 0-0 9. e3 Ne8 10. Be2 f5 11. Qc2 Nd7 12. Nc4 Bf6 13. Na5 Rb8 14. Nd2 d5 15. c4 e4 16. c5 c6 17. Ndb3 Bxb2 18. Qxb2 Rf6 19. Nd4 Qc7 20. Qd2 Bf7 21. g3 Bg6 22. Qc3 Qe5 23. Rc1 Nc7 24. Qd2 Ne6 25. Naxc6 bxc6 26. Nxc6 Qc7 27. Nxb8 Qxb8 28. d4 Nc7 29. Rb1 Be8 30. b5 axb5 31. axb5 Nf8 32. Qa2 Bf7 33. b6 Na8 34. Kd2 Nxb6 35. Rhc1 Qd8 36. cxb6 Rxb6 37. Rxb6 Qxb6 38. Ke1 g6 39. Kf1 h5 40. Qb1 Qe6 41. Qb8 Kg7 42. Qc8 Qb6 43. Ra1 Qb2 44. Ra8 Qb1+ 45. Kg2 Qb4 46. Qb8 Qd6 1-0

[Event "Hannover Ihme Cup"]
[Site "Hannover"]
[Date "2016.05.21"]
[Round "2"]
[White "Collmann, Tom"]
[Black "Oberbacher, Michael"]
[Result "1-0"]
[WhiteElo "1400"]
[BlackElo "1598"]
[PlyCount "63"]
[EventDate "2016.05.20"]
[EventType "swiss"]
[EventRounds "5"]
[EventCountry "GER"]
[SourceTitle "CBM 189 Extra"]
[Source "ChessBase"]
[SourceDate "2019.06.03"]
[SourceVersion "1"]
[SourceVersionDate "2019.06.03"]
[SourceQuality "1"]

1. d4 d5 2. c4 e5 3. dxe5 d4 4. Nf3 Nc6 5. a3 Bg4 6. Nbd2 Nge7 7. h3 Bxf3 8. Nxf3 Ng6 9. e3 dxe3 10. Bxe3 Ngxe5 11. Nxe5 Nxe5 12. Be2 Be7 13. Bf4 Bf6 14. Qc2 0-0 15. 0-0 c6 16. Rad1 Qc8 17. Rd2 Rd8 18. Rxd8+ Qxd8 19. Rd1 Qe7 20. Qd2 Re8 21. Bg3 h6 22. b4 Qe6 23. Qc2 a6 24. f4 Ng6 25. Kf1 Qe7 26. Bg4 Nf8 27. Bf2 Rd8 28. Re1 Qd6 29. g3 Qd3+ 30. Qxd3 Rxd3 31. Re8 Bd4 32. Ke2 1-0

[Event "Niedersachsen-ch op-B"]
[Site "Verden"]
[Date "2015.01.04"]
[Round "5"]
[White "Kueck, Artur"]
[Black "Oberbacher, Michael"]
[Result "1-0"]
[WhiteElo "1469"]
[BlackElo "1524"]
[PlyCount "77"]
[EventDate "2015.01.02"]
[EventType "swiss"]
[EventRounds "7"]
[EventCountry "GER"]
[SourceTitle "EXT 2018"]
[Source "ChessBase"]
[SourceDate "2017.10.13"]
[SourceVersion "1"]
[SourceVersionDate "2017.10.13"]
[SourceQuality "1"]

1. e4 e5 2. f4 d5 3. exd5 e4 4. Bb5+ Nd7 5. c4 Bc5 6. Nc3 Bxg1 7. Rxg1 Qh4+ 8. g3 Qxh2 9. Kf1 a6 10. Ba4 Ngf6 11. Qe2 Qh3+ 12. Qg2 Qf5 13. Bc2 Nc5 14. b4 Nd3 15. Nxe4 Qxe4 16. Qxe4+ Nxe4 17. Bxd3 Nf6 18. Bb2 Bh3+ 19. Kf2 Bg4 20. Rae1+ Kd7 21. Rh1 h6 22. Re3 h5 23. Rhe1 Rae8 24. Bxf6 gxf6 25. Rxe8 Rxe8 26. Rxe8 Kxe8 27. Ke3 Kd7 28. Kd4 b6 29. a4 c6 30. dxc6+ Kxc6 31. Be4+ Kc7 32. Bd5 Be6 33. Bf3 Bd7 34. a5 bxa5 35. bxa5 Bc8 36. Bxh5 Be6 37. Kc5 Kb7 38. d4 Kc7 39. d5 1-0

[Event "Niedersachsen-ch op-B"]
[Site "Verden"]
[Date "2015.01.04"]
[Round "6"]
[White "Oberbacher, Michael"]
[Black "Kubitza, Katharina"]
[Result "1/2-1/2"]
[WhiteElo "1524"]
[BlackElo "1443"]
[PlyCount "75"]
[EventDate "2015.01.02"]
[EventType "swiss"]
[EventRounds "7"]
[EventCountry "GER"]
[SourceTitle "EXT 2018"]
[Source "ChessBase"]
[SourceDate "2017.10.13"]
[SourceVersion "1"]
[SourceVersionDate "2017.10.13"]
[SourceQuality "1"]

1. Nf3 d5 2. d4 Nf6 3. e3 Bg4 4. Bd3 e6 5. Nbd2 c5 6. b3 Nc6 7. Bb2 cxd4 8. exd4 Be7 9. a3 0-0 10. 0-0 a6 11. Qe1 Nd7 12. Ne5 Ndxe5 13. dxe5 f5 14. f4 Bh4 15. Qc1 Qb6+ 16. Kh1 Bf2 17. b4 Be3 18. Qe1 Bxd2 19. Qxd2 Rad8 20. Qe1 Kh8 21. Qh4 g6 22. h3 Bh5 23. g4 fxg4 24. hxg4 Bxg4 25. Qxg4 Ne7 26. Rg1 Nf5 27. Qh3 Kg7 28. Raf1 Ne3 29. Rf3 d4 30. Kh2 Qc6 31. Rf2 Qd5 32. Bc1 Nf5 33. Qf1 Qd7 34. Qe2 Qe7 35. Qh5 Qh4+ 36. Qxh4 Nxh4 37. Kh3 Nf5 38. Rfg2 1/2-1/2

[Event "Niedersachsen-ch op-B"]
[Site "Verden"]
[Date "2015.01.03"]
[Round "4"]
[White "Oberbacher, Michael"]
[Black "Brunner, Sophia"]
[Result "1-0"]
[WhiteElo "1524"]
[BlackElo "1429"]
[PlyCount "97"]
[EventDate "2015.01.02"]
[EventType "swiss"]
[EventRounds "7"]
[EventCountry "GER"]
[SourceTitle "EXT 2018"]
[Source "ChessBase"]
[SourceDate "2017.10.13"]
[SourceVersion "1"]
[SourceVersionDate "2017.10.13"]
[SourceQuality "1"]

1. d4 Nf6 2. Nf3 d5 3. e3 Bg4 4. Nbd2 e6 5. Be2 c5 6. b3 Nc6 7. Bb2 Be7 8. 0-0 0-0 9. a3 Rc8 10. Rc1 cxd4 11. exd4 Qd7 12. Qe1 Rfe8 13. Bd3 Rc7 14. Ne5 Qd6 15. Nxg4 Nxg4 16. f4 Rec8 17. Qg3 Nf6 18. Qe3 a6 19. Nf3 Qd7 20. Ne5 Qe8 21. Kh1 Qf8 22. Ra1 Nd7 23. Qh3 h6 24. f5 Ndxe5 25. dxe5 exf5 26. Qxf5 g6 27. Qh3 d4 28. e6 Qg7 29. Rxf7 Qh8 30. Bxg6 Bg5 31. Bh7+ Qxh7 32. Rxh7 Kxh7 33. Qd3+ Kg8 34. h3 Be3 35. Qe4 Re7 36. Bc1 Bxc1 37. Rxc1 Kg7 38. Rf1 Rce8 39. Qg4+ Kh8 40. Rf6 Rg7 41. Rxh6+ Kg8 42. Qh5 Kf8 43. Rh8+ Ke7 44. Qxe8+ Kf6 45. Rh6+ Kg5 46. Qh5+ Kf4 47. Rf6+ Ke4 48. Qf5+ Ke3 49. Qd3# 1-0

[Event "Niedersachsen-ch op-B"]
[Site "Verden"]
[Date "2012.01.05"]
[Round "7"]
[White "Schoknecht, Sabine"]
[Black "Oberbacher, Michael"]
[Result "1-0"]
[WhiteElo "1724"]
[BlackElo "1522"]
[PlyCount "88"]
[EventDate "2012.01.02"]
[EventType "swiss"]
[EventRounds "7"]
[EventCountry "GER"]
[SourceTitle "EXT 2021"]
[Source "ChessBase"]
[SourceDate "2020.10.23"]
[SourceVersion "1"]
[SourceVersionDate "2020.10.23"]
[SourceQuality "1"]

1. d4 d5 2. c3 Nc6 3. Bf4 g6 4. Nd2 Bg7 5. Ndf3 Nf6 6. e3 0-0 7. Ne2 Bg4 8. Ng3 Re8 9. Be2 Nd7 10. h3 Bxf3 11. Bxf3 Nb6 12. Ne2 e5 13. dxe5 Nxe5 14. Nd4 Nxf3+ 15. Nxf3 Nc4 16. Qb3 Nb6 17. 0-0 c6 18. Rad1 Qe7 19. Rfe1 Kh8 20. Rd2 Qe6 21. Rde2 f5 22. Qc2 Qd7 23. Ng5 h6 24. Nf3 Kh7 25. h4 Qf7 26. Qd1 Re7 27. Nd4 Rae8 28. f3 Qf6 29. Bg3 Rd7 30. Rf1 Qd8 31. Qe1 Rde7 32. h5 Bxd4 33. hxg6+ Kxg6 34. cxd4 Nc4 35. Bh4 Qb6 36. Bxe7 Rxe7 37. Qg3+ Kh7 38. Qf4 Kg6 39. Kf2 c5 40. Rh1 h5 41. Qh4 Rh7 42. Qg3+ Kf7 43. Qf4 Kg6 44. g4 Nxe3 1-0

[Event "Braunschweig Oker Cup"]
[Site "Braunschweig"]
[Date "2011.12.03"]
[Round "2"]
[White "Tunka, Josef"]
[Black "Oberbacher, Michael"]
[Result "1-0"]
[WhiteElo "1868"]
[BlackElo "1537"]
[PlyCount "58"]
[EventDate "2011.12.02"]
[EventType "swiss"]
[EventRounds "5"]
[EventCountry "GER"]
[SourceTitle "EXT 2013"]
[Source "ChessBase"]
[SourceDate "2012.11.22"]
[SourceVersion "1"]
[SourceVersionDate "2012.11.22"]
[SourceQuality "1"]

1. c4 c5 2. Nc3 Nc6 3. g3 g6 4. Bg2 Bg7 5. e4 e5 6. Nge2 Nge7 7. d3 d6 8. 0-0 0-0 9. Be3 Bg4 10. h3 Bd7 11. Kh2 a6 12. Qd2 Be6 13. Nd5 Bd7 14. Nec3 Nxd5 15. Nxd5 Ne7 16. Nc3 Rb8 17. Rab1 b5 18. b3 b4 19. Ne2 Be6 20. f4 f6 21. Rf2 Rf7 22. Rbf1 Qc8 23. Ng1 Bh6 24. Nf3 a5 25. Nh4 f5 26. exf5 Nxf5 27. Nxf5 Bxf5 28. g4 exf4 29. Bxf4 Bxd3 1-0

[Event "Niedersachsen-ch op"]
[Site "Verden"]
[Date "2011.01.04"]
[Round "5"]
[White "Oberbacher, Michael"]
[Black "Boerner, Joachim"]
[Result "0-1"]
[WhiteElo "1569"]
[BlackElo "1861"]
[PlyCount "22"]
[EventDate "2011.01.02"]
[EventType "swiss"]
[EventRounds "7"]
[EventCountry "GER"]
[SourceTitle "EXT 2018"]
[Source "ChessBase"]
[SourceDate "2017.10.13"]
[SourceVersion "1"]
[SourceVersionDate "2017.10.13"]
[SourceQuality "1"]

1. d4 Nf6 2. Nc3 d5 3. e4 e6 4. e5 Nfd7 5. Nf3 c5 6. Be3 cxd4 7. Bxd4 Nc6 8. Bb5 Be7 9. 0-0 0-0 10. Bxc6 bxc6 11. Nd2 c5 0-1

[Event "Niedersachsen-ch op"]
[Site "Verden"]
[Date "2011.01.03"]
[Round "3"]
[White "Oberbacher, Michael"]
[Black "Elborg, Klaus"]
[Result "0-1"]
[WhiteElo "1569"]
[BlackElo "1687"]
[PlyCount "96"]
[EventDate "2011.01.02"]
[EventType "swiss"]
[EventRounds "7"]
[EventCountry "GER"]
[SourceTitle "EXT 2018"]
[Source "ChessBase"]
[SourceDate "2017.10.13"]
[SourceVersion "1"]
[SourceVersionDate "2017.10.13"]
[SourceQuality "1"]

1. d4 Nf6 2. Nf3 g6 3. e3 Bg7 4. Bd3 0-0 5. 0-0 d6 6. b3 Nbd7 7. Bb2 b6 8. Nbd2 Bb7 9. Re1 c5 10. h3 Rc8 11. Rb1 cxd4 12. exd4 Re8 13. c4 Nh5 14. Bc2 e5 15. d5 f5 16. Kh2 Bh6 17. g3 Rf8 18. Bc1 Qc7 19. Nh4 Ng7 20. Ndf3 Bxc1 21. Qxc1 Qc5 22. Kg2 Bxd5 23. Qh6 Bxf3+ 24. Nxf3 Ne6 25. Rbd1 Nf6 26. h4 e4 27. Ng5 Nxg5 28. Qxg5 b5 29. h5 Nxh5 30. Rd5 Qc7 31. Rxb5 a6 32. Rd5 Nf6 33. Rxf5 Qg7 34. Ra5 d5 35. Rxa6 dxc4 36. bxc4 e3 37. Rxe3 Qb7+ 38. f3 Qxa6 39. Bb3 Rce8 40. Rc3 Kg7 41. Rc2 Re7 42. Kf2 Rfe8 43. g4 Qe6 44. c5 Qe1+ 45. Kg2 Re2+ 46. Rxe2 Rxe2+ 47. Kh3 Qh1+ 48. Kg3 Qh2# 0-1

[Event "Niedersachsen-ch open"]
[Site "Verden"]
[Date "2010.01.06"]
[Round "7.56"]
[White "Krumschmidt, Michael"]
[Black "Oberbacher, Michael"]
[Result "0-1"]
[WhiteElo "1648"]
[BlackElo "1299"]
[PlyCount "40"]
[EventDate "2010.01.03"]
[EventType "swiss"]
[EventRounds "7"]
[EventCountry "GER"]
[SourceTitle "EXT 2012"]
[Source "ChessBase"]
[SourceDate "2011.11.24"]
[SourceVersion "1"]
[SourceVersionDate "2011.11.24"]
[SourceQuality "1"]

1. d4 e5 2. dxe5 Nc6 3. Nf3 f6 4. exf6 Nxf6 5. Bg5 Bb4+ 6. c3 Be7 7. e3 0-0 8. Nbd2 b6 9. Qb3+ Kh8 10. Bd3 Ng4 11. Ne4 Nce5 12. 0-0-0 Bxg5 13. Nfxg5 Nxf2 14. Nxf2 Qxg5 15. Rhf1 Qxe3+ 16. Kb1 Rxf2 17. Rxf2 Qxf2 18. Rf1 Qc5 19. Qd5 Qxd5 20. Rf8+ Qg8 0-1

[Event "Berlin Lichtenberger op 8th"]
[Site "Berlin"]
[Date "2009.08.20"]
[Round "6"]
[White "Oberbacher, Michael"]
[Black "Krueger, Stefan"]
[Result "0-1"]
[WhiteElo "1301"]
[BlackElo "1609"]
[PlyCount "102"]
[EventDate "2009.08.15"]
[EventType "swiss"]
[EventRounds "9"]
[EventCountry "GER"]
[SourceTitle "CBM 131 Extra"]
[Source "ChessBase"]
[SourceDate "2009.09.03"]
[SourceVersion "2"]
[SourceVersionDate "2009.09.16"]
[SourceQuality "1"]

1. e4 c5 2. Nf3 d6 3. h3 Nc6 4. Nc3 Nf6 5. d4 cxd4 6. Nxd4 g6 7. f4 Bg7 8. Nf3 0-0 9. Bc4 h6 10. Be3 a6 11. Qd2 b5 12. Bd3 b4 13. Nd1 Bb7 14. 0-0 Kh7 15. Rb1 a5 16. Nh4 Nd7 17. Nf3 Nc5 18. Nf2 Nxd3 19. cxd3 Ba6 20. Rfc1 Qd7 21. d4 Rfc8 22. b3 Na7 23. Rxc8 Rxc8 24. Nd1 Qe6 25. e5 Qf5 26. Rc1 Qd3 27. Nf2 Qxd2 28. Bxd2 Rxc1+ 29. Bxc1 Nb5 30. Bb2 Bb7 31. Nd3 Be4 32. Nfe1 f6 33. Kf2 fxe5 34. dxe5 dxe5 35. fxe5 e6 36. Ke3 Bd5 37. Nf4 Nc3 38. Kd4 g5 39. Nxd5 exd5 40. Nd3 Nxa2 41. Kxd5 Nc3+ 42. Bxc3 bxc3 43. Kd6 Bf8+ 44. Kd7 Kg7 45. Ke6 c2 46. g4 Ba3 47. Kd7 Kf7 48. e6+ Kf6 49. b4 Bxb4 50. Nxb4 c1Q 51. e7 Qd2+ 0-1

[Event "Berlin Lichtenberger op 8th"]
[Site "Berlin"]
[Date "2009.08.16"]
[Round "2"]
[White "Oberbacher, Michael"]
[Black "Baranowsky, Peter"]
[Result "0-1"]
[WhiteElo "1301"]
[BlackElo "1935"]
[PlyCount "66"]
[EventDate "2009.08.15"]
[EventType "swiss"]
[EventRounds "9"]
[EventCountry "GER"]
[SourceTitle "CBM 131 Extra"]
[Source "ChessBase"]
[SourceDate "2009.09.03"]
[SourceVersion "2"]
[SourceVersionDate "2009.09.16"]
[SourceQuality "1"]

1. d4 d5 2. e4 dxe4 3. Nc3 Bf5 4. f3 Nf6 5. g4 Bg6 6. g5 Nfd7 7. Nxe4 e5 8. h4 Be7 9. Bc4 Nb6 10. Bb3 Qxd4 11. Qxd4 exd4 12. a3 Nc6 13. h5 Bxe4 14. fxe4 Ne5 15. Bf4 Nbd7 16. 0-0-0 c5 17. Ba4 0-0-0 18. Ne2 f6 19. Rhg1 Nf3 20. gxf6 Nxg1 21. Rxg1 Bxf6 22. Ng3 g6 23. Kd2 a6 24. Ne2 b5 25. Bb3 c4 26. Ba2 Ne5 27. Bxe5 Bxe5 28. hxg6 hxg6 29. Rxg6 Rh2 30. Ke1 d3 31. cxd3 Rxd3 32. Rg5 Re3 33. Rxe5 Rexe2+ 0-1

[Event "Berlin Lichtenberger op 8th"]
[Site "Berlin"]
[Date "2009.08.15"]
[Round "1"]
[White "Knebel, Lothar"]
[Black "Oberbacher, Michael"]
[Result "1/2-1/2"]
[WhiteElo "1789"]
[BlackElo "1301"]
[PlyCount "56"]
[EventDate "2009.08.15"]
[EventType "swiss"]
[EventRounds "9"]
[EventCountry "GER"]
[SourceTitle "CBM 131 Extra"]
[Source "ChessBase"]
[SourceDate "2009.09.03"]
[SourceVersion "2"]
[SourceVersionDate "2009.09.16"]
[SourceQuality "1"]

1. c4 Nf6 2. Nc3 e6 3. e4 e5 4. Nf3 d6 5. d4 exd4 6. Nxd4 c5 7. Nf5 Bxf5 8. exf5 Be7 9. Be2 0-0 10. 0-0 Nc6 11. Be3 Qd7 12. Nd5 Nxd5 13. Qxd5 Nb4 14. Qf3 Bf6 15. Rad1 Qc7 16. Qg3 Rfe8 17. Bf3 Nxa2 18. Qxd6 Rac8 19. Qxc7 Rxc7 20. Bf4 Rce7 21. h3 Nb4 22. Bd6 Rd7 23. Bxc5 Rxd1 24. Rxd1 Nc6 25. Bxc6 bxc6 26. b4 a6 27. g4 h6 28. f3 Kh7 1/2-1/2

[Event "Niedersachsen-ch op"]
[Site "Verden"]
[Date "2009.01.04"]
[Round "4"]
[White "List, Tilman"]
[Black "Oberbacher, Michael"]
[Result "1-0"]
[WhiteElo "1747"]
[BlackElo "1225"]
[PlyCount "57"]
[EventDate "2009.01.03"]
[EventType "swiss"]
[EventRounds "7"]
[EventCountry "GER"]
[SourceTitle "EXT 2012"]
[Source "ChessBase"]
[SourceDate "2011.11.24"]
[SourceVersion "1"]
[SourceVersionDate "2011.11.24"]
[SourceQuality "1"]

1. e4 e5 2. Nf3 d5 3. Nxe5 Bd6 4. d4 dxe4 5. Nc4 Nf6 6. Nxd6+ Qxd6 7. Be2 0-0 8. 0-0 Re8 9. c4 Bf5 10. Be3 Nc6 11. Nc3 a6 12. h3 Rad8 13. d5 Nb4 14. Qd2 c6 15. c5 Qd7 16. d6 Nfd5 17. Nxd5 Nxd5 18. a3 h6 19. Rfe1 Qe6 20. Rad1 Qc8 21. Bf1 Nf6 22. Kh2 Qe6 23. Qc3 Nd5 24. Qd4 Nf6 25. Bc4 Qd7 26. Bxh6 gxh6 27. Qxf6 Bg6 28. Qxg6+ Kf8 29. Qh7 1-0